000 00666nam a2200253 a 4500
001 39704,41218,
003 UkOxU
005 20160517085224.0
008 910311s1990 enkahk 000 0 eng d
015 _aGB-8622793
020 _a0273032690
040 _cddc
050 0 _aP90
082 _aCR/302.2 EVA
_219
082 _a658.4/5
_218
092 _aD0400806218
100 1 _aEvans, Desmond W.
245 1 0 _aPeople, communication and organisations /
_cDesmond W. Evans
260 _aLondon :
_bPitman,
_c1990
300 _avii, 360 p. :
_bill, facsims, forms ;
_c30 cm
650 0 _aCommunication
942 _2ddc
_cBK
999 _c6497
_d6497